000 01096naa a22002777a 4500
001 BR6008779
003 BR-BrBNA
005 20240918172943.0
007 ta
008 230509b bl.||||| |||| 00| 0 por d
040 _aBR-BrBNA
_bpor
_cBiblioteca Nacional de Agricultura
041 _a(Pt)
072 _aL30
_b5300
090 _aL30 BR6008779
100 1 _aViola, E.A.
111 1 _a1. Seminario de Integracao da Pesquisa Agropecuaria e Extensao Rural
_cPorto Alegre, RS (Brazil)
_d19 Oct 1976
245 1 _aAlimentacao e sistemas de arracoar suinos
260 3 _aPorto Alegre, RS (Brasil):
_c1976.
500 _a1. Seminario de Integracao da Pesquisa Agropecuaria e Extensao Rural. Trabalhos apresentados Porto Alegre, RS (Brasil): 1976. p. 367-375 (BR6008779-AM)L30
650 _aARRACOAMENTO
650 _aSUINO
650 _aRIO GRANDE DO SUL
773 0 _t1. Seminario de Integracao da Pesquisa Agropecuaria e Extensao Rural. Trabalhos apresentados
_wL30 BR6008779
_gPorto Alegre, RS (Brasil), 1976. p. 367-375
909 _a202404
_bLucia
_c55
_dLucia Elande
942 _cAM
_2AGRIS
999 _c302215
_d302215